The Happy Fits - All Songs - Statistics

General Stats
  • This quiz has been taken 5 times
  • The average score is 26 of 38
Answer Stats
Hint Answer % Correct
Concentrate Heart of a Dancer
100%
Under The Shade Of Green In The Lobby
100%
Concentrate Mary
100%
What Could Be Better Two of Many
100%
Concentrate Achey Bones
80%
Under The Shade Of Green Cold Turkey
80%
Under The Shade Of Green Dance Alone
80%
What Could Be Better Go Dumb
80%
Concentrate Grow Back
80%
Concentrate Haunted Lust
80%
Concentrate Hungry People
80%
Under The Shade Of Green Little One
80%
Concentrate Relimerence
80%
Awfully Apeelin' Right Through
80%
What Could Be Better She Wants Me (To Be Loved)
80%
Concentrate So Alright, Cool, Whatever
80%
Awfully Apeelin' Too Late
80%
What Could Be Better What Could Be Better
80%
Under The Shade Of Green Around and Around
60%
Concentrate Best Tears
60%
Awfully Apeelin' Dirty Imbecile
60%
Under The Shade Of Green Do Your Worst
60%
Awfully Apeelin' Drink
60%
What Could Be Better Get a Job
60%
What Could Be Better Hold Me Down
60%
Concentrate Little Words
60%
What Could Be Better Moving
60%
What Could Be Better No Instructions
60%
Concentrate Reason for Dreaming
60%
What Could Be Better Sailing
60%
What Could Be Better The Garden
60%
Awfully Apeelin' While You Fade Away
60%
Under The Shade Of Green Another Try
40%
Under The Shade Of Green I'll Be Somewhere
40%
Under The Shade Of Green Long Way Down
40%
Under The Shade Of Green Sweet Things
40%
Under The Shade Of Green Changes
20%
Under The Shade Of Green Place In The World
20%
No matching quizzes found
Score Distribution
Percent of People with Each Score
Percentile by Number Answered
Your Score History
You have not taken this quiz